[Event "Hoogovens"]
[Site "Wijk aan Zee"]
[Date "1999.01.19"]
[Round "3"]
[White "Kasimdzhanov, Rustam"]
[Black "Sokolov, Ivan"]
[Result "1/2-1/2"]
[WhiteElo "2595"]
[BlackElo "2610"]
[Annotator "Ribli,Z"]
[PlyCount "62"]
[EventDate "1999.01.16"]
[EventType "tourn"]
[EventRounds "13"]
[EventCountry "NED"]
[EventCategory "17"]
[SourceTitle "CBM 069"]
[Source "ChessBase"]
[SourceDate "1999.04.01"]
[SourceVersion "1"]
[SourceVersionDate "1999.04.01"]
[SourceQuality "1"]

1. c4 e5 2. Nc3 Nf6 3. Nf3 Nc6 4. g3 Bb4 {Gegen Timman hatte es Kasimdzhanov
zwei Runden später mit der Variante 4...Nd4 zu tun.} 5. Bg2 O-O 6. O-O Re8 {
Die andere wichtige Möglichkeit für Schwarz wäre 6...e4 mit konkreten
Verwicklungen.} 7. Nd5 (7. Ne1 $5) (7. d3 Bxc3 8. bxc3 e4) 7... Bf8 {Dieser
Zug ist logischer als der Springertausch auf d5, nach dem Weiß dank seines
starken Bauern d5 nachhaltigen positionellen Druck am Damenflügel bekommt.} (
7... Nxd5 8. cxd5 Nd4 9. Nxd4 exd4 10. e3 c5 11. a3 Ba5 12. exd4 cxd4 13. d6 $1
Qf6 14. d3 Qxd6 15. Bf4 Qa6 16. b4 $16 {Timman,J-Huebner,R Sarajevo cm/5 1991
51/39 CBM/22}) 8. d3 {[%cal Gc1g5,Gg5d8]} h6 {Gegen die Fesselung 9.Bg5
gerichtet.} (8... Nxd5 9. cxd5 Nd4 10. Nxd4 exd4 11. e3 dxe3 12. Bxe3 $14 {
Auf ersten Blick scheint Weiß Probleme wegen seiner Doppelbauern zu haben,
aber in Wirklichkeit hat Weiß die Initiative und es ist für Schwarz nicht
einfach, die Entwicklung des Damenflügels zu beenden.}) 9. Nxf6+ {Weiß
verfolgt eine einfache Strategie: nach Springertausch beginnt er das
Springermanöver Nd2-e4-c3 und bekommt die Initiative am Damenflügel.} (9. b3
Nxd5 10. cxd5 Nd4 11. Nd2 c6 12. Ne4 (12. Nc4 b5 13. Nd2 Bb7 14. e3 Nf5 15.
dxc6 Bxc6 16. Bb2 Bxg2 17. Kxg2 d5 18. Qf3 Qd7 19. Rac1 Bb4 20. Rc2 Rad8 $13 {
1-0 Portisch,L-Filip,M/Varna olm 1962/MCD-ol (30)}) 12... cxd5 13. Nc3 d6 14.
e3 Nc6 15. Nxd5 Ne7 16. f4 Rb8 17. Bd2 Be6 18. Nxe7+ Bxe7 19. f5 Bd7 20. Bd5
Bc6 21. Qf3 Rc8 22. Rac1 Qb6 23. Rc4 Bxd5 24. Qxd5 Bg5 25. Kf2 Rc5 26. Rxc5
dxc5 27. h4 Bf6 28. Qe4 Qd6 29. Rc1 {1/2-1/2 Gulko,B-Ivanov,A/Chandler 1997/
CBM 61 (29)}) (9. Bd2 $5 d6 10. Bc3 Nxd5 11. cxd5 Ne7 12. e4 c6 13. dxc6 Nxc6
14. d4 $14) 9... Qxf6 10. Nd2 {[%csl Yd5][%cal Gd2e4,Ge4c3,Gc3d5]} d6 11. Ne4
Qd8 (11... Qg6 12. Nc3 Bd7 13. Nd5 Rac8 14. b4 Nd4 15. e3 Nf5 16. b5 c6 17.
bxc6 bxc6 18. Nc3 Red8 19. Rb1 Be6 20. e4 Nd4 21. Be3 Rc7 22. Rb2 f5 23. Bxd4
exd4 24. Ne2 {1/2-1/2 Poldauf,D-Dvoirys,S/Groningen 1993/CBM 38 ext (32)}) 12.
Nc3 $14 {[%csl Yd5][%cal Gg2a8] Der weiße Läufer kontrolliert die wichtigsten
Felder in der langen Diagonalen und Weiß kann den traditionellen Plan mit
b2-b4 am Damenflügel durchführen.} Be6 13. b4 a6 (13... Nxb4 14. Rb1 $36) 14.
Rb1 Qd7 15. a4 Rab8 (15... a5 16. b5 Nd8 17. Nd5 $14) 16. b5 Ne7 (16... axb5
17. axb5 Ne7 $14) 17. Qb3 (17. Re1 $5 Bh3 (17... axb5 18. axb5 d5 19. cxd5 Nxd5
20. Bd2 $14) 18. Bh1) 17... axb5 (17... Bh3 18. bxa6 bxa6 19. Qxb8 Rxb8 20.
Rxb8 $16) 18. axb5 Bh3 {Schwarz tauscht die beste weiße Figur.} 19. e4 Bxg2 20.
Kxg2 Ng6 (20... f5 {[%cal Gb3g8]} 21. f4 $14) 21. Qd1 {Ein prophylaktischer
Zug, der gegen 21...Qg4 gerichtet ist.} (21. f4 $5 exf4 22. Bxf4 $14) (21. Be3
Nh4+ $5 22. gxh4 Qg4+ 23. Kh1 Qf3+ $11) 21... c6 22. Be3 Qe6 23. f3 Be7 {
[%cal Ge7g5,Ge7d8,Gd8a5] Bis jetzt spielte der Läufer eine passive Rolle.} 24.
bxc6 bxc6 25. Qa4 {[%csl Ga4][%cal Ga4a7] Weiß droht, mit der Dame nach a7
einzudringen.} Qd7 26. Qa7 Qxa7 27. Bxa7 Ra8 28. Rb7 {[%csl Ga7,Gb7] Nach dem
Damentausch ist die Verteidigung etwas leichter für Schwarz, aber Weiß hat
noch immer die besseren Chancen.} Bd8 {[%cal Gd8a5,Ga5c3]} 29. Rfb1 Ne7 {
[%cal Ge7c8]} (29... Ba5 30. Na4 Re7 31. Rxe7 Nxe7 32. Rb7 $14) 30. R1b3 Ba5
31. Bf2 {[%cal Gc3a4,Ga4b6]} Bxc3 $5 {Und hier wurde Remis gegeben. Ich glaube,
Weiß hat einen leichten Vorteil und könnte ruhig fortsetzen.} (31... Bxc3 32.
Rxc3 c5 (32... Rab8 33. Rcb3 Rxb7 34. Rxb7 {[%csl Gb7][%mdl 36]}) 33. Rcb3 $14
Nc6 34. R3b6 (34. Rc7 Nb4)) 1/2-1/2

[Event "Belgrade"]
[Site "Belgrade"]
[Date "1994.??.??"]
[Round "6"]
[White "Skembris, Spyridon"]
[Black "Drasko, Milan"]
[Result "1/2-1/2"]
[WhiteElo "2525"]
[BlackElo "2520"]
[Annotator "Ribli,Z"]
[PlyCount "72"]
[EventDate "1994.??.??"]
[EventType "tourn"]
[EventRounds "9"]
[EventCountry "YUG"]
[EventCategory "12"]
[SourceTitle "CBM 043"]
[Source "ChessBase"]
[SourceDate "1994.12.01"]
[SourceVersion "1"]
[SourceVersionDate "1994.12.01"]
[SourceQuality "1"]

1. c4 e5 2. Nc3 Nc6 3. Nf3 Nf6 4. g3 Nd4 5. Bg2 Nxf3+ 6. Bxf3 Bb4 7. Qb3 Bc5 (
7... a5 $5 {Illescas Cordoba,M-Chernin,A/Groningen PCA/1993/CBM39/INF59,43/})
8. d3 (8. O-O O-O 9. Na4 $5) 8... O-O 9. O-O a6 (9... c6 10. Bg2 Re8 11. h3 h6
12. Kh2 $14 {Lautier,J-Salov,V/Madrid/1993/CBM36/INF58,41/}) 10. a3 d6 11. Bg2
Rb8 12. Qc2 Be6 (12... h6 $5) 13. b4 Ba7 14. Bg5 (14. Bb2 c6 $13) 14... h6 15.
Bxf6 Qxf6 16. c5 dxc5 (16... Qe7 17. c6 $6 (17. cxd6 cxd6 $6 (17... Qxd6 $5)
18. Nd5 $14) 17... bxc6 18. Bxc6 f5 $132) 17. Ne4 Qe7 18. Nxc5 Bxc5 19. bxc5
Rfd8 20. Rfc1 (20. Qc3 $5) 20... b5 (20... Bd5 21. Rab1 $14) 21. cxb6 (21. Qc3
Bd5 $13) 21... cxb6 22. Qa4 a5 23. Qb5 Qd6 24. h4 g6 25. a4 (25. Rc6 $6 Qd4
$132) 25... Rdc8 26. Rxc8+ Rxc8 27. Rb1 Rb8 28. Qc6 Qxc6 29. Bxc6 Kf8 30. f4
exf4 31. gxf4 Ke7 32. Kf2 Kd6 33. Bb5 Rc8 34. Ba6 Ra8 35. Bb5 Rc8 36. Ba6 Ra8
1/2-1/2

[Event "Rubinstein Memorial"]
[Site "Polanica Zdroj"]
[Date "1992.??.??"]
[Round "3"]
[White "Kortschnoj, Viktor Lvovich"]
[Black "Romanishin, Oleg M"]
[Result "1-0"]
[WhiteElo "2575"]
[BlackElo "2555"]
[Annotator "Ribli,Z"]
[PlyCount "55"]
[EventDate "1992.08.??"]
[EventType "tourn"]
[EventRounds "11"]
[EventCountry "POL"]
[EventCategory "12"]
[SourceTitle "CBM 031"]
[Source "ChessBase"]
[SourceDate "1992.12.01"]
[SourceVersion "1"]
[SourceVersionDate "1992.12.01"]
[SourceQuality "1"]

1. c4 {Kortschnoj} e5 2. g3 Nf6 3. Bg2 d5 4. cxd5 Nxd5 5. Nf3 Nc6 6. O-O Nb6 7.
d3 Be7 8. Nc3 O-O 9. a4 a5 10. Be3 Ra6 $6 (10... Bg4 $1 11. h3 (11. Rc1 Qd7 $1
(11... Re8 $6 12. Nd2 $1 Rb8 13. Nb5 $14 {Kortschnoj,V-Petursson,M Lugano op
1989 47/44}) 12. Nd2 Bh3 $10) (11. Nd2 Rb8 12. Bxb6 cxb6 13. Nc4 f6 14. Re1 Bc5
$10 {Videki,S-Petursson,M Wien op 1990 CBM/21}) 11... Be6 12. Qc1 Nd4 13. Bxd4
exd4 14. Ne4 Bd5 15. Qf4 f5 16. Ned2 c5 17. Nb1 Qd7 $15 {Ragozin,E-Sokolov,A
Bern 1992 CBM/28}) 11. Rc1 f5 12. Nb5 Bf6 13. Nd2 $1 Bd7 14. Bc5 Re8 15. e4 $1
$14 f4 16. gxf4 $1 exf4 17. d4 $16 Kh8 18. e5 Bg5 19. Rc3 Bh6 20. Bxb6 Rxb6 21.
Nc4 Ra6 22. e6 $1 Rxe6 23. d5 Rg6 24. dxc6 Qg5 25. Rg3 $1 fxg3 26. fxg3 Rf6 27.
Rxf6 Qxf6 28. cxb7 1-0

[Event "Hoogovens"]
[Site "Wijk aan Zee"]
[Date "1999.01.21"]
[Round "5"]
[White "Kasimdzhanov, Rustam"]
[Black "Timman, Jan H"]
[Result "0-1"]
[WhiteElo "2595"]
[BlackElo "2649"]
[Annotator "Ribli,Z"]
[PlyCount "86"]
[EventDate "1999.01.16"]
[EventType "tourn"]
[EventRounds "13"]
[EventCountry "NED"]
[EventCategory "17"]
[SourceTitle "CBM 069"]
[Source "ChessBase"]
[SourceDate "1999.04.01"]
[SourceVersion "1"]
[SourceVersionDate "1999.04.01"]
[SourceQuality "1"]

1. c4 {[%mdl 2112]} e5 2. Nc3 Nf6 3. Nf3 Nc6 4. g3 Nd4 {Eine relativ seltene
Fortsetzung. Die Alternativen 4...d5, 4...Bb4 oder 4...Bc5 werden häufiger
gespielt. Ribli.} 5. Bg2 (5. Nxe5 $6 Qe7 6. f4 d6 7. Nd3 Bf5 $36 {Schwarz hat
mehr als ausreichenden Ersatz für den Bauern.}) 5... Nxf3+ 6. Bxf3 Bb4 (6...
Be7) (6... Bc5) 7. O-O (7. Nd5 Nxd5 (7... Bc5 8. O-O O-O 9. d3 c6 10. Nxf6+
Qxf6 11. Rb1 {1/2-1/2 Cvetkovic,S-Pavlovic,M/Vrnjacka Banja 1990/EXT 97 (11)})
8. cxd5 Bc5 9. e3 O-O 10. O-O d6 11. Bg2 Bf5 12. d3 Qd7 13. e4 Bg4 14. Bf3 f5
15. Be3 {1/2-1/2 Krasenkov,M-van Wely,L/BL 1998 (55)}) (7. Qb3 Bc5 8. O-O (8.
d3 h6 9. g4 c6 10. h4 d6 11. g5 hxg5 12. Bxg5 Qb6 13. Qxb6 Bxb6 14. Na4 Ba5+
15. Kf1 Be6 {0-1 Azmaiparashvili,Z-Timman,J/Oviedo 1993/CBM 38 ext (53)}) 8...
O-O 9. Na4 Be7 10. Rd1 d6 11. Nc3 Nd7 12. d4 Bf6 13. dxe5 Bxe5 14. Be3 Nf6 15.
c5 Be6 16. Qxb7 Rb8 17. Qxa7 Rxb2 18. Bd4 Bxd4 19. Rxd4 Rc2 20. Nb5 {1-0
Gelfand,B-Timman,J/Wijk aan Zee 1998/CBM 62 ext (47)}) 7... O-O 8. Qc2 c6 (8...
Re8 9. d3 c6 10. Bg2 h6 11. Rb1 d5 12. cxd5 cxd5 13. Qb3 Bxc3 14. bxc3 b6 15.
a4 Bg4 16. Re1 Qd7 17. Bd2 Rac8 18. a5 bxa5 19. Qa3 Rb8 {1/2-1/2 Karpov,
A-Smejkal,J/Milano 1975/MCL (55)}) 9. d3 h6 $5 {Die Stellung ist Timman
wohlbekannt, denn er spielte sie mit Weiß schon vor 19 Jahren. Der Partiezug
ist gegen Bg5 gerichtet.} (9... Re8 10. Bg5 h6 11. Bxf6 Qxf6 12. Ne4 Qg6 13. a3
Bf8 14. c5 f5 15. Nd2 d5 16. cxd6 Bxd6 17. Nc4 Bc7 {Timman,J-Tal,M/Tilburg
1980/Inf 30 (17)}) 10. a3 Be7 $11 {Schwarz hat eine feste Stellung und möchte
11...d5 spielen.} (10... Bxc3 $6 11. Qxc3 $14) 11. e4 {Auf diese Weise
verhindert Weiß den Zentrumsvorstoß ...d7-d5, schwächt aber die schwarzen
Felder.} d6 12. b4 $6 {Dieser Zug gefällt mir nicht, denn in Wirklichkeit hat
Weiß kein Spiel am Damenflügel.} (12. Bg2 Nh7 13. Be3 $11) (12. Be3 Ng4 $5)
12... Nh7 13. Bg2 f5 {[%cal Rf5f4]} 14. f4 (14. exf5 Bxf5 $15) 14... exf4 15.
Bxf4 (15. gxf4 Be6 $15) 15... Ng5 {[%cal Gg5e6]} 16. Kh1 {Ein nützlicher
prophylaktischer Zug. Weiß verhindert die eventuellen Motive mit ...Nh3+ und
die Unannehmlichkeiten in der a7-g1-Diagonalen.} fxe4 17. dxe4 $6 (17. Bxg5
Rxf1+ 18. Rxf1 Bxg5 19. Nxe4 Be6 $11 (19... Be3 $6 20. Qe2 Bd4 21. Nxd6 $1 Qxd6
22. Qe8+ Kh7 23. Rf8 $18 {[%csl Rh7][%cal Rf8h8,Rh8h7,Re8f8]})) 17... Ne6 $15 {
[%csl Yd4][%cal Ge6d4]} 18. Be3 Rxf1+ 19. Rxf1 Bg5 $1 {Eine gute strategische
Idee. Schwarz möchte den schwarzfeldrigen Läufer tauschen, damit die Schwäche
der schwarzen Felder im weißen Lager spürbar wird.} 20. Bxg5 $6 {Weiß tauscht
so ohne weiteres den wichtigen Läufer. Es wäre meines Erachtens besser gewesen,
die Läufer auf dem Brett zu behalten.} (20. Bg1 $5) 20... Qxg5 {[%csl Yd4,Gg5]
[%cal Ge6d4]} 21. Qd3 {[%cal Rd3d6]} Qe5 {[%csl Ge5]} 22. Na4 (22. Ne2 $5 a5
23. Rf5 Qa1+ 24. Rf1 $11) 22... Ng5 23. c5 Nf7 (23... dxc5 24. Nxc5 $14) 24.
cxd6 Nxd6 {[%csl Ge5] Die schwarze Dame ist schön zentralisiert, kontrolliert
das ganze Brett.} (24... Qxd6 25. Qxd6 Nxd6 26. Rd1 $14) 25. Nc5 Bg4 26. Qb3+
Kh8 27. Nd3 Qd4 28. Nf4 $2 (28. e5 $1 Nc4 29. Rf4 {[%cal Rf4c4,Rf4g4]} Qa1+ 30.
Rf1 $11) 28... Nc4 $1 {[%cal Rc4e3,Re3f1,Re3g2]} (28... Nxe4 $6 29. Ng6+ Kh7
30. Nf8+ $11) 29. Ng6+ Kh7 30. Nf8+ Kg8 {Weiß hat kein Dauerschach und seine
Chancen am Königsflügel sind nicht besonders.} 31. Ng6 Re8 {Schwarz aktiviert
seinen Turm und beschränkt die Möglichkeiten des g6-Springers.} 32. b5 Be6 {
[%cal Ge6b3]} 33. Qa4 (33. bxc6 $5 bxc6 (33... Ne3 {[%cal Re6b3,Re3f1]} 34.
Rf8+ Rxf8 (34... Kh7 35. Qb1 Qd2 36. Qg1 $18) 35. Qxe6+ Rf7 (35... Kh7 36.
Nxf8+ $18) 36. Qe8+ Kh7 37. Qxf7 Qd1+ 38. Bf1 Nxf1 39. Nf8+ $11)) 33... Bf7 {
[%csl Rg6]} 34. Nh4 (34. Nf4 $2 cxb5 35. Qxb5 Ne3 $17 {[%csl Re4][%cal Re3f1,
Re3g2]}) 34... cxb5 35. Qxb5 Ne3 {[%csl Gd4,Ge3,Gf7][%cal Re3f1,Re3g2]} 36. Nf5
$8 Nxf5 37. exf5 b6 {Schwarz hat das bessere Figurenspiel und die weiße
Königsstellung ist schwach.} 38. Qc6 Re2 {[%csl Ge2]} 39. f6 gxf6 (39... Rxg2
$6 40. Qc8+ (40. Qxg2 $2 Bd5 $19) (40. Kxg2 Bd5+ $19) 40... Kh7 41. Kxg2 Qe4+ (
41... Bd5+ 42. Kh3 Qe4 {[%cal Rd5e6,Re6h3,Re6c8]} 43. Qf5+ Qxf5+ 44. Rxf5 Be6 {
[%cal Re6h3]} 45. f7 $18 {[%cal Rf7f8]}) 42. Kg1 Qd4+ $11) 40. Qa8+ $2 $138 (
40. Qxf6 Qxf6 41. Rxf6 Kg7 42. Rf4 Re1+ 43. Rf1 Rxf1+ 44. Bxf1 Kf6 $15 {
[%csl Ga7,Gb6] Der schwarze König steht aktiv und die Bauernmehrheit am
Damenflügel ist sehr gefährlich.}) 40... Kg7 $17 41. Qxa7 Kg6 $1 {[%csl Rh1]}
42. Qa6 (42. Qa8 Rxg2 $1 43. Kxg2 $19 {[%cal Rf7d5,Rd5g2,Rd5a8]}) (42. h4 Bd5
$19) 42... Rxg2 $1 $19 {Mit diesem Qualitätsopfer entscheidet Schwarz die
Partie.} 43. Kxg2 Bd5+ {Und Weiß gab auf. Sein König befindet sich im Mattnetz.
} (43... Bd5+ 44. Kh3 Qe4 $19 {[%cal Rd5e6,Re6h3,Re4g2,Rg2h3]}) 0-1

[Event "Sanjin Hotel Cup"]
[Site "Taiyuan"]
[Date "2004.07.26"]
[Round "9"]
[White "Lautier, Joel"]
[Black "Bu, Xiangzhi"]
[Result "1-0"]
[WhiteElo "2666"]
[BlackElo "2620"]
[Annotator "Ribli,Z"]
[PlyCount "79"]
[EventDate "2004.07.17"]
[EventType "tourn"]
[EventRounds "9"]
[EventCountry "CHN"]
[EventCategory "16"]
[SourceTitle "CBM 102"]
[Source "ChessBase"]
[SourceDate "2004.09.23"]
[SourceVersion "1"]
[SourceVersionDate "2004.09.23"]
[SourceQuality "1"]

1. c4 Nf6 2. Nc3 e5 3. Nf3 Nc6 4. g3 Bb4 5. Nd5 {Der französische Großmeister
spielt diese Fortsetzung gern, aber 5.Bg2 ist der am meisten gespielte Zug.}
Bc5 6. d3 (6. Bg2 O-O 7. O-O h6 8. d3 d6 9. a3 a6 10. e3 Ba7 11. Nc3 $5 Rb8 $6
(11... Be6 $142) 12. Qc2 (12. b4 $14) 12... Be6 13. b4 Qd7 14. Rd1 {1-0
Lautier,J-Sulypa,A/France 1996/CBM 54/[Lautier] (48)}) 6... h6 7. a3 a5 $5 {
Mit diesem logischem Zug verhindert Schwarz die Raumgewinnmöglichkeit b2-b4.} (
7... a6 8. b4 Ba7 9. Bb2 d6 10. Nxf6+ Qxf6 11. b5 axb5 12. cxb5 Nd8 $5 13. Bg2
Ne6 14. e3 $1 Nc5 $6 (14... Bb6 $1 15. O-O Ng5 16. h4 Nxf3+ 17. Bxf3 $5 O-O)
15. d4 e4 (15... exd4 16. Bxd4 $16) 16. Ne5 $1 dxe5 (16... Ne6 {Belov} 17. Nc4
Qg6 18. O-O $16) 17. dxc5 Bxc5 18. Qd5 $16 {1-0 Lautier,J-Cramling,P/Yerevan
1996/EXT 97/[Lautier] (35)}) 8. Bg2 O-O 9. e3 d6 10. O-O Nxd5 $6 {Dieser
Tausch gefällt mir nicht, denn Weiß bekommt nun Raumvorteil. Es wäre besser
den d5-Springer stehen zu lassen und die Entwicklung mit 10...Bg4 oder 10...
Bf5 fortzusetzen.} 11. cxd5 Ne7 12. d4 exd4 13. Nxd4 $14 {[%csl Gd4,Gd5][%mdl
4] Dank seinem starken Bauern d5 hat Weiß einen kleinen, aber dauerhaften
Positionsvorteil. Der Pd5 paralysiert den schwarzen Damenflügel und der d4N
steht auch sehr stark.} Ng6 14. b3 Bd7 15. h3 $1 {Ein guter prophylaktischer
Zug - Weiß verteidigt sich gegen 15...Qc8 und 16...Bh3.} (15. Bb2 Qc8) 15...
Re8 (15... Qc8 16. Kh2 $14) 16. Bb2 a4 $6 {Schwarz möchte den Damenflügel
befestigen, aber das hilft nur dem Gegner - Weiß verjagt den Läufer von c5.} (
16... Qe7 17. Rc1 $14) 17. b4 Bb6 18. Rc1 {[%csl Yc7,Gd5][%cal Gc1c7] Der Pc7
ist noch gut verteidigt, aber er ist eine potenzielle Schwächung.} Qe7 19. Kh2
Rac8 20. Re1 {[%cal Ge3e4,Gf3f4] Weiß bringt seinen anderen Turm auch ins
Spiel - nun kann er mit e3-e4 und mit f2-f4 seine Mehrheit am Königsflügel
mobilisieren.} Nf8 {Schwarz hat keine aktiven Möglichkeiten - er kann nur
warten.} 21. Rc4 f5 22. Qd3 Qf7 23. Rec1 Ng6 24. Ne6 $1 $16 {[%csl Rc7,Ge6]
[%cal Rc1c7][%mdl 64] Der Springer steht ausgezeichnet auf e6 und Schwarz kann
eigentlich nichts machen, denn nach 24...Bxe6? 25.dxe6 kommt der Bg2 stark ins
Spiel.} Ne5 (24... Bxe6 $2 25. dxe6 $18) (24... Bb5 25. Nxg7 Bxc4 26. Rxc4 Ne5
27. Bxe5 Rxe5 28. Ne6 $16 {[%csl Ge6]}) 25. Bxe5 dxe5 26. Nxc7 {Weiß hat einen
klaren Bauern mehr, Schwarz hat keine Kompensation.} e4 27. Qd1 Red8 28. b5 {
Mit diesem Zug lässt Weiß den Schwarzen nicht 28...Bc6 spielen.} (28. d6 Bc6
$14) 28... Be8 29. d6 (29. Nxe8 Rxc4 30. Rxc4 $16) 29... Kh7 {Schwarz
verbessert seine Königsstellung, um mögliche Unannehmlichkeiten auf der
Diagonale a2-g8 zu vermeiden.} (29... Bxb5 $2 30. Bf1 $1 {[%cal Gf1c4,Gc4g8]}
Bd7 (30... Bc6 31. Rxc6 bxc6 32. Bc4 $18) 31. Nd5 $18) 30. Bf1 Bd7 (30... Bxc7
31. Rxc7 Rxc7 32. Rxc7 $16) 31. Qxa4 h5 32. Qd1 (32. h4 $18) 32... h4 33. Nd5
hxg3+ 34. fxg3 Ba7 35. Rc7 $18 f4 {Mit diesem Bauernopfer möchte Schwarz im
Trüben fischen.} 36. exf4 Bf2 37. Bg2 Qg6 38. Ne7 {[%csl Ge7][%cal Re7c8,Re7g6]
} Qxg3+ 39. Kh1 {[%csl Rh7][%cal Rd1h5,Rh5h7,Re7c8]} Qh4 40. Rxd7 1-0